The Poet's School: (Record no. 211737)
[ view plain ]
| 000 -LEADER | |
|---|---|
| fixed length control field | 00578nam a22001817a 4500 |
| 005 - DATE AND TIME OF LATEST TRANSACTION | |
| control field | 20250611155237.0 |
| 010 ## - LCCN (DPL NO) | |
| LC control number | ENG-145328 |
| 020 ## - INTERNATIONAL STANDARD BOOK NUMBER | |
| International Standard Book Number | 9789383660810 |
| Terms of availability | 600.00 |
| 035 ## - SYSTEM CONTROL NUMBER | |
| System control number | EN-128860 |
| 037 ## - SOURCE OF ACQUISITION | |
| Source of stock number/acquisition | DBAD |
| 082 ## - DEWEY DECIMAL CLASSIFICATION NUMBER | |
| Classification number | 152.47 |
| 100 ## - MAIN ENTRY--PERSONAL NAME | |
| Personal name | Aditya, Subhrangsu |
| 245 ## - TITLE STATEMENT | |
| Title | The Poet's School: |
| Remainder of title | A History Of Patha-Bhavana And Siksha-Satra/ |
| Statement of responsibility, etc | Swati Ghosh [and] Ashok Sircar |
| 260 ## - PUBLICATION, DISTRIBUTION, ETC. (IMPRINT) | |
| Place of publication, distribution, etc | Kolkata |
| Name of publisher, distributor, etc | Jadavpur University Press |
| Date of publication, distribution, etc | 2021 |
| 270 ## - ADDRESS | |
| Address | Jadavpur University, Kolkata-700032 |
| 300 ## - PHYSICAL DESCRIPTION | |
| Extent | xvi, 287p |
| Dimensions | 24cm.(pb) |
| 942 ## - ADDED ENTRY ELEMENTS (KOHA) | |
| Source of classification or shelving scheme | Dewey Decimal Classification |
| Item type | English Books |
| Classification part | 370 |
| Call number suffix | GHO |
| Withdrawn status | Lost status | Not for loan | Collection code | Home library | Current library | Date acquired | Source of acquisition | Cost, normal purchase price | Full call number | Barcode | Copy number | Cost, replacement price | Koha item type |
|---|---|---|---|---|---|---|---|---|---|---|---|---|---|
| Non-fiction | Mobile Library | Mobile Library | 11/06/2025 | Delivery of Books Act Division | 600.00 | 370 GHO | EN-128860 | 1 | 600.00 | English Books |
